000 00419nam a2200157Ia 4500
008 221030s9999 xx 000 0 und d
020 _a8122403867
041 _aEnglish
082 _a105.23
_bSon
100 _aB. S. Sonde
245 0 _aINtroduction to system Design Using Integrated Circuits
_cby B. S. Sonde
260 _bNew Age Internationl Pub.
_aNew Delhi
_c1995
300 _a312
650 _aECE
942 _cBK
999 _c7800
_d7800